| 000 | 01147 a2200229 4500 | ||
|---|---|---|---|
| 001 | 11473 | ||
| 003 | IN-BhIIT | ||
| 005 | 20260430094416.0 | ||
| 008 | 260409b |||||||| |||| 00| 0 eng d | ||
| 020 | _a9780241301111 (pbk.) | ||
| 040 | _aIN-BhIIT | ||
| 041 | _aeng | ||
| 082 |
_a370.115 _bFRE/P |
||
| 100 |
_aFreire, Paulo _eAuthor _927674 |
||
| 245 |
_aPedagogy of the Oppressed / _cPaulo Freire |
||
| 260 |
_aNew Delhi : _bPenguin Books Ltd, _c2017. |
||
| 300 |
_a156 p. : _bill. ; _c19 cm. |
||
| 504 | _aIncludes bibliographical references. and index. | ||
| 520 | _aArguing that 'education is freedom', Paulo Freire's radical international classic contends that traditional teaching styles keep the poor powerless by treating them as passive, silent recipients of knowledge. Grounded in Freire's own experience teaching impoverished and illiterate students in his native Brazil and over the world, this pioneering book instead suggests that through co-operation, dialogue and critical thinking, every human being can develop a sense of self and fulfil their right to be heard. | ||
| 650 |
_aEducation _xPhilosophy. _922475 |
||
| 942 | _cGEN | ||
| 999 |
_c15474 _d15474 |
||